Obscure Capitals (and territories) - Statistics

General Stats
  • This quiz has been taken 7 times
  • The average score is 19 of 22
Answer Stats
Hint Answer % Correct
Türkiye Ankara
100%
Brunei Darussalam Bandar Seri Begawan
100%
Belize Belmopan
100%
Timor-Leste Dili
100%
Maldives Male
100%
Nicaragua Managua
100%
Bahrain Manama
100%
Cyprus Nicosia
100%
Mauritania Nouakchott
100%
Canada Ottawa
100%
Fed. States Of Micronesia Palikir
100%
Samoa Apia
86%
Turkmenistan Ashgabat
86%
Saint Kitts And Nevis Basseterre
86%
French Guiana Cayenne
86%
Solomon Islands Honiara
86%
Georgia Tbilisi
86%
Equatorial Guinea Ciudad De La Paz
71%
Myanmar Naypyidaw
71%
Falkland Islands Stanley
71%
Curaçao Willemstad
71%
Anguilla The Valley
43%
No matching quizzes found
Score Distribution
Percent of People with Each Score
Percentile by Number Answered
Your Score History
You have not taken this quiz